| Tag |
First Indicator |
Second Indicator |
Subfields |
| LEADER |
00000cam a2200000 4500 |
| 001 |
in00000040867 |
| 005 |
20151007064715.0 |
| 008 |
730226s1943 dcu b 00000 eng u |
| 010 |
|
|
|a 43006364
|
| 035 |
|
|
|a (OCoLC)00564615
|
| 035 |
|
|
|9 AAE0423AM
|
| 040 |
|
|
|c WSU
|d TXA
|d UtOrBLW
|
| 049 |
|
|
|a TXAM
|c [173848]
|
| 050 |
|
0 |
|a TN19
|b .L3987
|
| 092 |
|
|
|a 338.24
|b L533w
|
| 100 |
1 |
|
|a Leith, C. K.
|q (Charles Kenneth),
|d 1875-1956.
|
| 245 |
1 |
0 |
|a World minerals and world peace /
|c by C. K. Leith, J. W. Furness and Cleona Lewis.
|
| 264 |
|
1 |
|a Washington, D.C. :
|b The Brookings institution,
|c 1943.
|
| 300 |
|
|
|a 253 pages
|
| 336 |
|
|
|a text
|b txt
|2 rdacontent
|
| 337 |
|
|
|a unmediated
|b n
|2 rdamedia
|
| 338 |
|
|
|a volume
|b nc
|2 rdacarrier
|
| 504 |
|
|
|a Bibliographical foot-notes.
|
| 650 |
|
0 |
|a Mines and mineral resources.
|
| 650 |
|
0 |
|a Commercial policy.
|
| 700 |
1 |
|
|a Furness, J. W.
|q (James Wilson),
|d 1874-
|
| 700 |
1 |
|
|a Lewis, Cleona.
|
| 710 |
2 |
|
|a Brookings Institution.
|
| 999 |
|
|
|a MARS
|
| 999 |
f |
f |
|s 2758d524-b75c-3eeb-9ee6-6e2ff1930737
|i 70a253dd-599c-32a6-bd38-1d723d5a40ed
|t 0
|
| 952 |
f |
f |
|p ric
|a Texas A&M University
|b Rellis Campus
|c Joint Library Facility
|d Remote Storage
|t 0
|e TN19 .L3987
|h Library of Congress classification
|i unmediated -- volume
|m A14800762308
|
| 998 |
f |
f |
|a TN19 .L3987
|t 0
|l Remote Storage
|